[Event "Emerald City Open"]
[Site "Chess.com"]
[Date "2020.06.20"]
[Round "?"]
[White "Shen, Lixing"]
[Black "Smith, Catherine"]
[Result "0-1"]
[WhiteElo "1083"]
[BlackElo "1522"]
[PlyCount "100"]
[EventDate "2020.??.??"]

1. e4 e5 2. Nf3 Nc6 3. d4 exd4 4. Bc4 Be7 5. O-O Nf6 6. Re1 d6 7. Nxd4 Nxd4 8.
Qxd4 O-O 9. Nc3 Be6 10. Bxe6 fxe6 11. Qc4 Qd7 12. Bf4 Kh8 13. Rad1 Nh5 14. Be3
a6 15. e5 d5 16. Qe2 Nf4 17. Bxf4 Rxf4 18. Qd2 Raf8 19. Re2 Bb4 20. g3 Rf3 21.
Qd4 c5 22. Qd2 Qf7 23. Rf1 d4 24. Qd1 dxc3 25. b3 Ba5 26. a3 Bb6 27. Qe1 Bc7
28. Re3 Qf5 29. Qe2 g5 30. Rxf3 Qxf3 31. Qxf3 Rxf3 32. Re1 g4 33. Re4 h5 34.
Kg2 Rf5 35. Rc4 Rxe5 36. Rxc3 Bb6 37. Kf1 Kg7 38. Rd3 Rd5 39. Rxd5 exd5 40. Ke2
Kf6 41. f3 gxf3+ 42. Kxf3 Kf5 43. h3 d4 44. g4+ hxg4+ 45. hxg4+ Kg5 46. Kg3
Bc7+ 47. Kf3 b5 48. Ke4 a5 49. Kd5 Bb6 50. Kc6 c4 0-1

[Event "Emerald City Open"]
[Site "Chess.com"]
[Date "2020.06.21"]
[Round "?"]
[White "Li, Emma"]
[Black "Shen, Lixing"]
[Result "1-0"]
[WhiteElo "1342"]
[BlackElo "1083"]
[PlyCount "45"]
[EventDate "2020.??.??"]

1. e4 e5 2. Nf3 d5 3. exd5 e4 4. Ng1 Nf6 5. Nc3 Bc5 6. d4 exd3 7. Qxd3 O-O 8.
Bg5 Bxf2+ 9. Kd2 h6 10. Bf4 Re8 11. Nf3 Ng4 12. h3 Be3+ 13. Bxe3 Nxe3 14. Re1
Nxf1+ 15. Rhxf1 Na6 16. Kc1 g6 17. Qb5 Rxe1+ 18. Rxe1 Qd6 19. Re8+ Kg7 20. Qc4
c6 21. Qd4+ f6 22. dxc6 Qxc6 23. Re7+ 1-0

[Event "Emerald City Open"]
[Site "Chess.com"]
[Date "2020.06.20"]
[Round "?"]
[White "Tran, Nugen"]
[Black "Brown, Northern"]
[Result "1/2-1/2"]
[WhiteElo "1047"]
[BlackElo "1480"]
[PlyCount "60"]
[EventDate "2020.??.??"]

1. d4 g6 2. c4 Bg7 3. Nc3 d6 4. e4 Nf6 5. Nf3 Nbd7 6. Be2 O-O 7. O-O c5 8. d5
a6 9. a4 Ne8 10. Bd3 Qa5 11. Bd2 Ne5 12. Nxe5 Bxe5 13. Bh6 Ng7 14. Qc2 f5 15.
exf5 Bxf5 16. Bxf5 Rxf5 17. Ne4 Rh5 18. Bd2 Bxh2+ 19. Kh1 Qd8 20. g4 Be5+ 21.
gxh5 Qd7 22. Qd3 Qg4 23. Ng3 Nxh5 24. Kg2 Rf8 25. Rae1 Bf4 26. Re4 Qg5 27. Bxf4
Nxf4+ 28. Rxf4 Rxf4 29. Qe3 h5 30. Kh2 Rh4+ 1/2-1/2

[Event "Emerald City Open"]
[Site "Chess.com"]
[Date "2020.06.20"]
[Round "?"]
[White "Hamlett, James"]
[Black "Tran, Nugen"]
[Result "1/2-1/2"]
[WhiteElo "1561"]
[BlackElo "1047"]
[PlyCount "109"]
[EventDate "2020.??.??"]

1. e4 e5 2. Nf3 Nc6 3. Bc4 Bc5 4. b4 Bxb4 5. c3 Be7 6. d4 d6 7. Qb3 Nf6 8.
Bxf7+ Kf8 9. O-O Na5 10. Qa4 Kxf7 11. Qxa5 b6 12. Qa4 exd4 13. Qb3+ d5 14. e5
Ne4 15. cxd4 Rf8 16. Nbd2 Nxd2 17. Bxd2 Kg8 18. Bg5 Bxg5 19. Nxg5 Bg4 20. f4 h6
21. Ne4 Bf5 22. Ng3 Qd7 23. Nxf5 Rxf5 24. g4 Rff8 25. f5 Qe7 26. Qxd5+ Kh8 27.
Rad1 Rad8 28. Qg2 Rd7 29. e6 Rd6 30. d5 Rfd8 31. Qe4 c6 32. f6 gxf6 33. Qg6 Qg7
34. Rxf6 Qxg6 35. Rxg6 Kh7 36. Rf6 Re8 37. Rf7+ Kg6 38. Rdf1 cxd5 39. e7 Re6
40. h4 R8xe7 41. Rxe7 Rxe7 42. Rf5 Rd7 43. Kf2 Rf7 44. Rxf7 Kxf7 45. Ke3 Ke6
46. Kd4 a5 47. g5 hxg5 48. hxg5 b5 49. g6 a4 50. g7 Kf7 51. g8=B+ Kxg8 52. Kxd5
b4 53. Kc4 b3 54. axb3 axb3 55. Kxb3 1/2-1/2

[Event "Emerald City Open"]
[Site "Chess.com"]
[Date "2020.06.20"]
[Round "?"]
[White "Tran, Nugen"]
[Black "Wang, Mark"]
[Result "1/2-1/2"]
[WhiteElo "1047"]
[BlackElo "1376"]
[PlyCount "114"]
[EventDate "2020.??.??"]

1. e4 e5 2. Nf3 Nc6 3. Bc4 Nf6 4. Ng5 d5 5. exd5 Na5 6. Bb5+ c6 7. dxc6 bxc6 8.
Be2 Bc5 9. O-O O-O 10. d3 Re8 11. a3 Nb7 12. Bf3 Qd6 13. Nc3 Bf5 14. Re1 h6 15.
Nge4 Nxe4 16. Nxe4 Bxe4 17. Bxe4 Rad8 18. h3 Qd7 19. Qf3 Rc8 20. Bf5 Qd6 21.
Bxc8 Rxc8 22. Be3 Bxe3 23. Qxe3 Re8 24. Rad1 Re6 25. Qxa7 Nc5 26. b4 Nd7 27.
Qe3 Rg6 28. d4 Qd5 29. Qe4 Qe6 30. Qf3 Rf6 31. Qd3 Rg6 32. dxe5 Nxe5 33. Qe3
Kh7 34. Qxe5 Qxh3 35. Qh2 Qxa3 36. Rb1 Qa2 37. Rec1 Qd5 38. c4 Qd4 39. g3 f5
40. Kh1 f4 41. b5 cxb5 42. cxb5 Rg5 43. b6 fxg3 44. fxg3 Qe4+ 45. Qg2 Rh5+ 46.
Kg1 Qe3+ 47. Qf2 Rh1+ 48. Kxh1 Qxf2 49. Rg1 Qf3+ 50. Rg2 Qh5+ 51. Kg1 Qc5+ 52.
Rf2 Qe3 53. b7 Qxg3+ 54. Rg2 Qe3+ 55. Rf2 Qg3+ 56. Kh1 Qh3+ 57. Kg1 Qg3+
1/2-1/2

[Event "Emerald City Open"]
[Site "Chess.com"]
[Date "2020.06.21"]
[Round "?"]
[White "Tran, Nugen"]
[Black "Tatikonda, Nihanth"]
[Result "1-0"]
[WhiteElo "1047"]
[BlackElo "1226"]
[PlyCount "95"]
[EventDate "2020.??.??"]

1. d4 Nf6 2. c4 g6 3. Nc3 Bg7 4. e4 d6 5. Nf3 O-O 6. Be2 e5 7. dxe5 dxe5 8. O-O
Nc6 9. Bg5 Be6 10. h3 Re8 11. Nd5 Bxd5 12. cxd5 Nd4 13. Nxd4 exd4 14. f3 Qd7
15. Rc1 Nh5 16. a4 a6 17. a5 Ng3 18. Re1 Nxe2+ 19. Qxe2 Rac8 20. Bh4 Bh6 21.
Rc4 Be3+ 22. Bf2 c6 23. Bxe3 dxe3 24. dxc6 Rxc6 25. Rxc6 Qxc6 26. Qxe3 Qc2 27.
Qc1 Qxc1 28. Rxc1 Rd8 29. Rc7 Rb8 30. Kf2 f5 31. exf5 gxf5 32. Kg3 Rd8 33. Rxb7
Rd5 34. b4 Rd4 35. Rb6 Kg7 36. Rxa6 Rxb4 37. Ra7+ Kg6 38. a6 Ra4 39. Ra8 h6 40.
a7 Kg7 41. f4 Kf7 42. Rh8 Ra3+ 43. Kh4 Ra4 44. a8=Q Rxf4+ 45. Kg3 Rd4 46. Qe8+
Kf6 47. Rxh6+ Kg5 48. Qg6# 1-0

[Event "Emerald City Open"]
[Site "Chess.com"]
[Date "2020.06.21"]
[Round "?"]
[White "Kona, Vidip"]
[Black "Tran, Nugen"]
[Result "1-0"]
[WhiteElo "1261"]
[BlackElo "1047"]
[PlyCount "75"]
[EventDate "2020.??.??"]

1. e4 e5 2. Nf3 Nc6 3. Bb5 a6 4. Ba4 Nf6 5. O-O Be7 6. d3 b5 7. Bb3 O-O 8. Nbd2
d6 9. a4 Bb7 10. c3 Re8 11. Re1 h6 12. Nf1 Qd7 13. Ng3 Nd8 14. Nf5 Ne6 15. Be3
c5 16. Qd2 Ng4 17. Nxe7+ Qxe7 18. h3 Nxe3 19. Qxe3 Bc6 20. Nd2 Qd7 21. a5 Rab8
22. Bc2 Bb7 23. Nf1 Nf4 24. Ng3 Re6 25. d4 Rg6 26. dxe5 dxe5 27. Qxc5 Nxh3+ 28.
gxh3 Qxh3 29. Qxe5 h5 30. Qxb8+ Kh7 31. Rad1 h4 32. Rd8 Bc8 33. Rxc8 Re6 34.
e5+ Kh6 35. Rh8+ Kg5 36. Rh5+ Kf4 37. Rf5+ Kg4 38. Bd1# 1-0

[Event "Emerald City Open"]
[Site "Chess.com"]
[Date "2020.06.20"]
[Round "?"]
[White "Ramkumar, Aditya"]
[Black "Ruff, Lois"]
[Result "1-0"]
[WhiteElo "1452"]
[BlackElo "1027"]
[PlyCount "117"]
[EventDate "2020.??.??"]

1. Nf3 Nf6 2. g3 g6 3. Bg2 Bg7 4. d4 d6 5. c4 O-O 6. Nc3 Nbd7 7. e4 c5 8. O-O
cxd4 9. Nxd4 Nc5 10. h3 Rb8 11. Be3 a6 12. Rb1 Bd7 13. b4 Ne6 14. f4 Nh5 15. g4
Ng3 16. Rf3 Nxe4 17. Nxe4 Nxd4 18. Bxd4 Bc6 19. Re3 e5 20. fxe5 dxe5 21. Bc5
Re8 22. Qxd8 Rbxd8 23. Bb6 Rc8 24. Nd6 Bxg2 25. Kxg2 Bh6 26. Re2 Rc6 27. Nxe8
Rxb6 28. Nc7 Rc6 29. Nd5 Rxc4 30. Rd1 Bg7 31. a3 b5 32. g5 Kf8 33. Ra2 e4 34.
a4 h6 35. axb5 Kg8 36. bxa6 Kh7 37. a7 Rc8 38. a8=Q Rxa8 39. Rxa8 hxg5 40. Ne3
Bh6 41. Ng4 Bg7 42. b5 f5 43. b6 fxg4 44. hxg4 e3 45. Rh1+ Bh6 46. Rxh6+ Kxh6
47. Rh8+ Kg7 48. Kf3 Kxh8 49. b7 e2 50. Kxe2 Kg7 51. b8=Q Kf6 52. Ke3 Ke6 53.
Qb5 Kf7 54. Qxg5 Kg7 55. Ke4 Kf7 56. Ke5 Kg7 57. Ke6 Kh7 58. Kf7 Kh8 59. Qh6#
1-0

[Event "Emerald City Open"]
[Site "Chess.com"]
[Date "2020.06.20"]
[Round "?"]
[White "Wang, Mark"]
[Black "Ruff, Lois"]
[Result "1-0"]
[WhiteElo "1376"]
[BlackElo "1027"]
[PlyCount "35"]
[EventDate "2020.??.??"]

1. e4 c5 2. Nf3 e6 3. d4 cxd4 4. Nxd4 Nc6 5. Nc3 a6 6. Bc4 b5 7. Bb3 Bb4 8. O-O
Bb7 9. Bf4 Nf6 10. e5 Bxc3 11. bxc3 Nd5 12. Bxd5 exd5 13. Nf5 O-O 14. Qg4 g6
15. Nh6+ Kh8 16. Rfe1 Qc8 17. Bg5 d6 18. Bf6# 1-0

[Event "Emerald City Open"]
[Site "Chess.com"]
[Date "2020.06.21"]
[Round "?"]
[White "Ruff, Lois"]
[Black "Li, David"]
[Result "0-1"]
[WhiteElo "1027"]
[BlackElo "1344"]
[PlyCount "104"]
[EventDate "2020.??.??"]

1. e4 c5 2. c3 d5 3. exd5 Qxd5 4. Nf3 Nc6 5. c4 Qe4+ 6. Qe2 Nf6 7. Nc3 Qxe2+ 8.
Bxe2 g6 9. d3 Bg7 10. Be3 b6 11. Rc1 Ng4 12. Bd2 Nge5 13. Bf4 Bf5 14. b3 Nxd3+
15. Bxd3 Bxd3 16. Nb5 O-O 17. Nc7 Rad8 18. Nd5 e6 19. Ne3 Be4 20. Ng5 Bd3 21.
Rd1 Bc3+ 22. Rd2 Bxd2+ 23. Kxd2 h6 24. Nf3 Bxc4+ 25. Kc3 Be2 26. Bxh6 Rd3+ 27.
Kb2 Rfd8 28. Bg5 R8d7 29. Nc4 Bxf3 30. gxf3 Rxf3 31. Be3 f5 32. Nd2 Rxf2 33.
Bxf2 Rxd2+ 34. Kc3 Rxf2 35. Rd1 Nd4 36. h4 Rh2 37. Rg1 Ne2+ 38. Kc4 Nxg1 39. a3
Rxh4+ 40. Kb5 Rh3 41. b4 cxb4 42. axb4 Rh4 43. Ka6 Rxb4 44. Kxa7 e5 45. Kb7 e4
46. Kc7 e3 47. Kd7 e2 48. Kd8 e1=Q 49. Kd7 Rd4+ 50. Kc7 Qc3+ 51. Kxb6 Rb4+ 52.
Ka5 Qa3# 0-1

[Event "Emerald City Open"]
[Site "Chess.com"]
[Date "2020.06.20"]
[Round "?"]
[White "Murarka, Avni"]
[Black "Liotta, Nicholas"]
[Result "0-1"]
[WhiteElo "1026"]
[BlackElo "1419"]
[PlyCount "144"]
[EventDate "2020.??.??"]

1. e4 e6 2. d4 d5 3. exd5 exd5 4. Nc3 Bb4 5. Bf4 Ne7 6. Bd3 O-O 7. Nf3 Bg4 8.
O-O Ng6 9. Be3 c6 10. h3 Bxf3 11. Qxf3 Qd6 12. Qg4 Nd7 13. Bxg6 hxg6 14. Bf4
Qe6 15. Rfe1 Qxg4 16. hxg4 Rfe8 17. Rab1 b5 18. Re3 Rxe3 19. Bxe3 Bxc3 20. bxc3
a5 21. Rb3 a4 22. Rb4 Rb8 23. Bf4 Rb7 24. Kf1 Nf6 25. g5 Ne4 26. Ke1 Nxc3 27.
a3 Re7+ 28. Kf1 Re4 29. Bd2 Ne2 30. Be3 Nf4 31. g3 Ne6 32. Ke2 Nc7 33. f3 Re6
34. Kd3 Na6 35. Rb2 f5 36. gxf6 gxf6 37. g4 Kf7 38. g5 f5 39. f4 Re4 40. Rb1
Ke6 41. Rh1 b4 42. axb4 Nxb4+ 43. Kd2 Nxc2 44. Kxc2 Rxe3 45. Rh6 Kf7 46. Rh8
Re4 47. Ra8 Rxd4 48. Kb2 Rxf4 49. Ka3 Rf1 50. Rxa4 Ra1+ 51. Kb3 Rxa4 52. Kxa4
Ke6 53. Kb3 Ke5 54. Kc3 c5 55. Kc2 Ke4 56. Kc3 c4 57. Kd2 d4 58. Kc2 d3+ 59.
Kc3 Ke3 60. Kxc4 d2 61. Kd5 d1=Q+ 62. Ke6 Qb3+ 63. Kf6 Qb6+ 64. Ke5 Qd4+ 65.
Ke6 Ke4 66. Ke7 Qe5+ 67. Kf7 Qd6 68. Kg7 Kf4 69. Kf7 Kxg5 70. Kg7 Qe7+ 71. Kh8
Kf6 72. Kg8 Qg7# 0-1

[Event "Emerald City Open"]
[Site "Chess.com"]
[Date "2020.06.20"]
[Round "?"]
[White "Hack, Don"]
[Black "Murarka, Avni"]
[Result "1-0"]
[WhiteElo "1204"]
[BlackElo "1026"]
[PlyCount "95"]
[EventDate "2020.??.??"]

1. d4 d5 2. c4 c6 3. Nf3 Nf6 4. e3 Bf5 5. Be2 e6 6. Nh4 Be7 7. O-O Ne4 8. Nxf5
exf5 9. f3 Nf6 10. Qc2 Qd7 11. Nc3 Qe6 12. b3 O-O 13. cxd5 cxd5 14. Bd3 Rc8 15.
Bxf5 Rxc3 16. Bxh7+ Nxh7 17. Qxc3 Nc6 18. a3 Qg6 19. Qe1 Ng5 20. Bb2 Bd6 21.
Qh4 Re8 22. f4 Re4 23. Qxg5 Qxg5 24. fxg5 Rh4 25. g3 Rg4 26. Rf3 Rxg5 27. Raf1
f6 28. Kg2 Ne7 29. Bc1 Nf5 30. Rxf5 Rxf5 31. Rxf5 Be7 32. Rxd5 Kf7 33. Rd7 Ke6
34. Rxb7 Kd6 35. b4 Bf8 36. Rxa7 g5 37. e4 Ke6 38. Kf3 f5 39. exf5+ Kxf5 40.
Rf7+ Ke6 41. Rxf8 Kd5 42. Rf5+ Kxd4 43. Rxg5 Kc4 44. b5 Kb3 45. b6 Ka2 46. b7
Ka1 47. b8=Q Ka2 48. Qb2# 1-0

[Event "Emerald City Open"]
[Site "Chess.com"]
[Date "2020.06.20"]
[Round "?"]
[White "Ma, Lucas"]
[Black "Murarka, Avni"]
[Result "1-0"]
[WhiteElo "1089"]
[BlackElo "1026"]
[PlyCount "115"]
[EventDate "2020.??.??"]

1. e4 c5 2. Nf3 d6 3. d4 cxd4 4. Nxd4 Nf6 5. Nc3 g6 6. Be3 Bg7 7. Bc4 Ng4 8.
Bb5+ Bd7 9. Qxg4 Nc6 10. Qd1 O-O 11. Bxc6 bxc6 12. O-O c5 13. Nb3 Bc6 14. f3 e6
15. Rb1 Re8 16. Bf2 Qd7 17. Qd2 Rad8 18. Rfd1 d5 19. exd5 exd5 20. Bxc5 Qc7 21.
Bf2 Rd6 22. Bg3 Be5 23. Bxe5 Rxe5 24. Re1 Rde6 25. Nd4 Rxe1+ 26. Rxe1 Rxe1+ 27.
Qxe1 Qb6 28. Qd2 Bb7 29. b3 Qb4 30. a4 Qa3 31. Kf2 Qe7 32. Qe3 Qh4+ 33. Kg1 Kg7
34. Qe5+ Kg8 35. g3 Qh3 36. Qb8+ Bc8 37. Nc6 Kg7 38. Qe5+ Kh6 39. Nxd5 Ba6 40.
c4 Bb7 41. Nxa7 Bxd5 42. Qxd5 Kg7 43. Qd4+ f6 44. b4 Kh6 45. Qh4+ Qxh4 46. gxh4
Kh5 47. c5 h6 48. c6 g5 49. hxg5 fxg5 50. c7 g4 51. fxg4+ Kxg4 52. c8=Q+ Kg5
53. Qf8 Kg4 54. h3+ Kxh3 55. Qg8 Kh4 56. Kf2 Kh5 57. Kf3 Kh4 58. Qg4# 1-0

[Event "Emerald City Open"]
[Site "Chess.com"]
[Date "2020.06.20"]
[Round "?"]
[White "Zhang, Iris"]
[Black "Guo, Aaron"]
[Result "1-0"]
[WhiteElo "1387"]
[BlackElo "721"]
[PlyCount "89"]
[EventDate "2020.??.??"]

1. e4 e5 2. Nf3 Nc6 3. Nc3 Nf6 4. d4 exd4 5. Nxd4 Qe7 6. Nxc6 bxc6 7. Bd3 Qe6
8. O-O Bd6 9. Re1 Be5 10. Bd2 O-O 11. Qe2 Qg4 12. Qxg4 Nxg4 13. h3 Nf6 14. f4
Bd4+ 15. Kh2 d5 16. e5 Ne8 17. f5 f6 18. e6 Be5+ 19. Kh1 Nd6 20. Rad1 Bb7 21.
Na4 Rab8 22. Ba5 Rbc8 23. c3 Nb5 24. Nc5 Ba8 25. Nd7 Rfe8 26. Nxe5 fxe5 27.
Rxe5 Nd6 28. Bb4 Rcd8 29. Bxd6 cxd6 30. Re2 Kf8 31. Rde1 Ke7 32. Re3 Kf6 33. g4
g5 34. e7 Rd7 35. Re6+ Kf7 36. f6 Bb7 37. h4 h6 38. h5 Bc8 39. Bg6+ Kg8 40.
Bxe8 Rb7 41. f7+ Kh7 42. f8=Q Bxe6 43. Rxe6 Rxb2 44. Qxh6+ Kg8 45. Rg6# 1-0

[Event "Emerald City Open"]
[Site "Chess.com"]
[Date "2020.06.20"]
[Round "?"]
[White "Guo, Aaron"]
[Black "Shanmugam, Meera"]
[Result "0-1"]
[WhiteElo "721"]
[BlackElo "1224"]
[PlyCount "72"]
[EventDate "2020.??.??"]

1. e4 e5 2. Nf3 Nf6 3. Nc3 Nc6 4. Bb5 Bb4 5. d3 d6 6. O-O O-O 7. Bg5 Bxc3 8.
bxc3 Qe7 9. c4 Nd8 10. Re1 Ne6 11. Bh4 c6 12. Ba4 Rd8 13. d4 exd4 14. Nxd4 Bd7
15. Qf3 Nxd4 16. Qg3 Re8 17. e5 dxe5 18. Rad1 Nf5 19. Qh3 Be6 20. Bg3 Ne3 21.
Qh4 Nxd1 22. Rxd1 Rad8 23. Rxd8 Rxd8 24. h3 Qa3 25. Bb3 Qc1+ 26. Kh2 Rd4 27.
Bf4 exf4 28. Qg5 Rd1 29. g3 Rh1+ 30. Kg2 Qg1+ 31. Kf3 Rh2 32. Qc5 Qg2+ 33. Ke2
f3+ 34. Kd3 Qf1+ 35. Ke3 Qxf2+ 36. Kd3 Qd2# 0-1

[Event "Emerald City Open"]
[Site "Chess.com"]
[Date "2020.06.21"]
[Round "?"]
[White "Willy, Stephen"]
[Black "Guo, Aaron"]
[Result "1-0"]
[WhiteElo "1137"]
[BlackElo "721"]
[PlyCount "117"]
[EventDate "2020.??.??"]

1. e4 e5 2. Nf3 Nc6 3. Bc4 Bc5 4. Nc3 d6 5. d3 Bg4 6. h3 Bh5 7. g4 Bg6 8. Bg5
f6 9. Be3 Bb4 10. Qd2 Nge7 11. h4 Qd7 12. g5 Qg4 13. Ng1 Bh5 14. f3 Bxc3 15.
bxc3 Qd7 16. gxf6 gxf6 17. Bh6 O-O-O 18. Rb1 Ng8 19. Be3 Nge7 20. Qc1 f5 21.
Qb2 b6 22. Nh3 d5 23. exd5 Nxd5 24. Ng5 Nxe3 25. Be6 Qxe6 26. Nxe6 Bxf3 27.
Nxd8 Bxh1 28. Nxc6 Bxc6 29. Qb3 Ng2+ 30. Kf2 Nxh4 31. Qe6+ Kb7 32. Qxe5 Rf8 33.
d4 Ng6 34. Qh2 Bd5 35. Qxh7 Bxa2 36. Ra1 Bf7 37. Rg1 Ne7 38. Qg7 Ng6 39. Rxg6
Bxg6 40. Qxf8 Bh5 41. Qxf5 Bd1 42. d5 Ka6 43. Qc8+ Kb5 44. Qxc7 Bxc2 45. d6 Bf5
46. d7 Bxd7 47. Qxd7+ Kc5 48. Qxa7 Kb5 49. c4+ Kxc4 50. Qxb6 Kd3 51. Kf3 Kd2
52. Qc5 Kd3 53. Kf2 Ke4 54. Ke2 Kf4 55. Qd5 Kg3 56. Qf5 Kg2 57. Qg5+ Kh1 58.
Kf2 Kh2 59. Qh4# 1-0

[Event "Emerald City Open"]
[Site "Chess.com"]
[Date "2020.06.21"]
[Round "?"]
[White "Guo, Aaron"]
[Black "Ma, Lucas"]
[Result "0-1"]
[WhiteElo "721"]
[BlackElo "1089"]
[PlyCount "116"]
[EventDate "2020.??.??"]

1. e4 c5 2. Bc4 Nc6 3. Nf3 g6 4. O-O Bg7 5. Ng5 e6 6. Nf3 Nge7 7. c3 O-O 8. d4
cxd4 9. cxd4 d5 10. exd5 Nxd5 11. Be3 Nxe3 12. fxe3 Bd7 13. Nc3 e5 14. dxe5
Nxe5 15. Nxe5 Bxe5 16. Qf3 Bc6 17. Qf2 Qe7 18. Bd5 Bxc3 19. Bxc6 Bxb2 20. Rab1
bxc6 21. Rxb2 Rab8 22. Rc2 Rfc8 23. Qg3 h5 24. Rcf2 Rf8 25. Rxf7 Rxf7 26. Qxb8+
Kg7 27. Qb2+ Kg8 28. Qc3 Rxf1+ 29. Kxf1 Qf7+ 30. Ke2 Qxa2+ 31. Kf3 Qf7+ 32. Ke2
Qd5 33. Kf2 Kf7 34. Qa3 Qd2+ 35. Kf3 Qd7 36. Qb3+ Qd5+ 37. Qxd5+ cxd5 38. Ke2
Ke6 39. Kd3 Ke5 40. h3 g5 41. g3 g4 42. h4 a5 43. Kc3 Ke4 44. Kb3 Kxe3 45. Ka4
d4 46. Kxa5 d3 47. Kb4 d2 48. Kc3 d1=Q 49. Kc4 Qd2 50. Kc5 Qd3 51. Kc6 Qd4 52.
Kc7 Qf6 53. Kb7 Qd6 54. Ka8 Qb4 55. Ka7 Kd4 56. Ka8 Kc5 57. Ka7 Kc6 58. Ka8
Qb7# 0-1

[Event "Emerald City Open"]
[Site "Chess.com"]
[Date "2020.06.20"]
[Round "?"]
[White "Malakapalli, Smaran"]
[Black "Wang, Mark"]
[Result "1-0"]
[WhiteElo "482"]
[BlackElo "1376"]
[PlyCount "89"]
[EventDate "2020.??.??"]

1. e4 e5 2. Nf3 Nc6 3. Nc3 Nf6 4. Bb5 a6 5. Bxc6 bxc6 6. d4 exd4 7. Nxd4 Bc5 8.
O-O O-O 9. Re1 Re8 10. Bg5 h6 11. Bh4 g5 12. Bg3 Bb4 13. Qd3 Bb7 14. Nf5 Kh7
15. h4 Bxc3 16. bxc3 Ng4 17. e5 Kh8 18. f3 Rg8 19. fxg4 gxh4 20. Bxh4 Qe8 21.
Bf6+ Kh7 22. Nd6+ Rg6 23. Nxe8 Rxe8 24. Qxd7 Rf8 25. Qe7 Kg8 26. Rad1 Rxg4 27.
Rd8 Rxd8 28. Qxd8+ Kh7 29. Qh8+ Kg6 30. Qg8+ Kh5 31. Qb8 c5 32. Qxb7 a5 33. e6
fxe6 34. Re5+ Kg6 35. Qc8 Kxf6 36. Qxe6+ Kg7 37. Qxg4+ Kf6 38. Rf5+ Ke6 39.
Qe4+ Kd6 40. Rd5+ Kc6 41. Qc4 Kb6 42. Rxc5 c6 43. Rxc6+ Kb7 44. Qb5+ Ka7 45.
Ra6# 1-0

[Event "Emerald City Open"]
[Site "Chess.com"]
[Date "2020.06.20"]
[Round "?"]
[White "Trey, Justin"]
[Black "Malakapalli, Smaran"]
[Result "1-0"]
[WhiteElo "1662"]
[BlackElo "482"]
[PlyCount "71"]
[EventDate "2020.??.??"]

1. d4 d5 2. c4 e6 3. Nc3 Nf6 4. cxd5 exd5 5. Bg5 Bb4 6. e3 Nc6 7. Bd3 Be6 8.
Nge2 O-O 9. Qc2 g6 10. O-O Be7 11. a3 Ng4 12. Bxe7 Qxe7 13. Nf4 Qh4 14. h3 Nf6
15. g3 Qg5 16. h4 Qg4 17. Kg2 Nh5 18. Nce2 Nxf4+ 19. Nxf4 Rac8 20. f3 Qf5 21.
Bxf5 Bxf5 22. Qb3 Rce8 23. Rfe1 h6 24. Qxb7 h5 25. Qxc6 g5 26. Nxh5 Bh3+ 27.
Kxh3 g4+ 28. fxg4 Re6 29. Qxc7 Rfe8 30. Rf1 R8e7 31. Qd8+ Re8 32. Qg5+ Rg6 33.
Qf5 Rxe3 34. Qxf7+ Kh8 35. Qf8+ Rg8 36. Qh6# 1-0

[Event "Emerald City Open"]
[Site "Chess.com"]
[Date "2020.06.20"]
[Round "?"]
[White "Malakapalli, Smaran"]
[Black "Brown, Northern"]
[Result "0-1"]
[WhiteElo "482"]
[BlackElo "1480"]
[PlyCount "92"]
[EventDate "2020.??.??"]

1. e4 g6 2. Nf3 Bg7 3. Nc3 d6 4. d4 Nf6 5. Be3 Nbd7 6. Be2 O-O 7. O-O Re8 8.
Qd2 e5 9. d5 Nb6 10. Bh6 Bh8 11. Bb5 Nfd7 12. Bg5 f6 13. Bh6 a6 14. Ba4 Nxa4
15. Nxa4 b5 16. Nc3 Nc5 17. Qe3 Bg4 18. h3 Bc8 19. Rad1 Bg7 20. Nh4 Rf8 21.
Bxg7 Kxg7 22. Qg3 b4 23. Ne2 Nxe4 24. Qf3 f5 25. g3 Ng5 26. Qg2 f4 27. g4 f3
28. Nxf3 Nxf3+ 29. Kh1 Qh4 30. Rd3 Ng5 31. Qg3 Qxg3 32. Rxg3 Ne4 33. Rg2 Bb7
34. f4 Bxd5 35. Kg1 Nd2 36. Rd1 Bxg2 37. Kxg2 Ne4 38. Ng3 Nxg3 39. Kxg3 Rxf4
40. Rd3 Raf8 41. a3 e4 42. Re3 d5 43. axb4 d4 44. Rb3 e3 45. Rxe3 dxe3 46. Kg2
e2 0-1

[Event "Emerald City Open"]
[Site "Chess.com"]
[Date "2020.06.21"]
[Round "?"]
[White "Shanmugam, Meera"]
[Black "Malakapalli, Smaran"]
[Result "1-0"]
[WhiteElo "1224"]
[BlackElo "482"]
[PlyCount "71"]
[EventDate "2020.??.??"]

1. e4 e6 2. d4 d5 3. Nd2 Nf6 4. e5 Nfd7 5. f4 c5 6. c3 Nc6 7. Ndf3 Qb6 8. a3
cxd4 9. cxd4 f6 10. Ne2 Be7 11. g3 O-O 12. Bg2 fxe5 13. fxe5 Na5 14. b4 Nc6 15.
O-O a5 16. bxa5 Nxa5 17. a4 Nc4 18. Bh3 Nb8 19. Qc2 Bd7 20. Nf4 Nc6 21. Nxe6
Nb4 22. Nxf8 Nxc2 23. Nxd7 Qa7 24. Ra2 Nxd4 25. Kh1 b5 26. e6 Nxf3 27. Rxf3 Re8
28. Rff2 bxa4 29. Bg2 Qa5 30. Bd2 Nxd2 31. Rfxd2 Bg5 32. Rd1 Rxe6 33. Bxd5 Qa6
34. Nc5 Qb5 35. Nxe6 Qa6 36. Nc7+ 1-0

[Event "Emerald City Open"]
[Site "Chess.com"]
[Date "2020.06.21"]
[Round "?"]
[White "Malakapalli, Smaran"]
[Black "Shen, Lixing"]
[Result "0-1"]
[WhiteElo "482"]
[BlackElo "1083"]
[PlyCount "118"]
[EventDate "2020.??.??"]

1. e4 e5 2. Nf3 d5 3. Nc3 d4 4. Ne2 Nc6 5. d3 Bg4 6. c3 Bc5 7. Ng3 Nf6 8. Be2
O-O 9. O-O Re8 10. Bg5 h6 11. Bh4 Bxf3 12. Nh5 Bxe2 13. Qxe2 g5 14. Bg3 Nxh5
15. Qxh5 Kg7 16. Qg4 dxc3 17. bxc3 Qxd3 18. Rac1 Qc4 19. a3 Bxa3 20. Rcd1 Qe6
21. Qh5 Rad8 22. Ra1 Bc5 23. h4 Qg6 24. Qg4 gxh4 25. Qxh4 Qg5 26. Qh3 Qg6 27.
Rfd1 Rxd1+ 28. Rxd1 Qe6 29. Qh4 a5 30. Rd5 Bd6 31. Rd1 a4 32. Ra1 a3 33. f3 a2
34. Be1 Qb3 35. Qg4+ Kf8 36. Qh5 Qe6 37. c4 Qxc4 38. Qxh6+ Ke7 39. Qg5+ Kd7 40.
Qf5+ Qe6 41. Qxe6+ Kxe6 42. Rxa2 Nd4 43. Rb2 b6 44. Bb4 Bxb4 45. Rxb4 Rg8 46.
Rc4 Kd6 47. Kf2 b5 48. Rb4 Rb8 49. g4 c5 50. Rb2 c4 51. Ke3 c3 52. Rb1 c2 53.
Rc1 b4 54. Kd3 b3 55. g5 b2 56. g6 fxg6 57. Rh1 c1=Q 58. Rxc1 bxc1=Q 59. f4
Rb3# 0-1

[Event "Emerald City Open"]
[Site "Chess.com"]
[Date "2020.06.20"]
[Round "?"]
[White "Li, David"]
[Black "Susa, Avik"]
[Result "1-0"]
[WhiteElo "1344"]
[BlackElo "452"]
[PlyCount "37"]
[EventDate "2020.??.??"]

1. e4 c5 2. Nf3 d6 3. d4 cxd4 4. Nxd4 Nf6 5. f3 g6 6. c4 Nc6 7. Nc3 Bg7 8. Be3
Bd7 9. Be2 Kf8 10. Qd2 Rc8 11. O-O-O e5 12. Ndb5 Be6 13. Nxd6 Rc7 14. Nxb7
Qxd2+ 15. Rxd2 Rxb7 16. Rhd1 Rb8 17. Nb5 Ke7 18. Bc5+ Ke8 19. Nc7# 1-0

[Event "Emerald City Open"]
[Site "Chess.com"]
[Date "2020.06.20"]
[Round "?"]
[White "Susa, Avik"]
[Black "Willy, Stephen"]
[Result "0-1"]
[WhiteElo "452"]
[BlackElo "1137"]
[PlyCount "118"]
[EventDate "2020.??.??"]

1. e4 e5 2. Nf3 Nc6 3. Bc4 Bc5 4. d3 d6 5. Be3 Bxe3 6. fxe3 Nf6 7. Nc3 Be6 8.
Bxe6 fxe6 9. Qd2 O-O 10. O-O-O a6 11. d4 exd4 12. exd4 e5 13. dxe5 dxe5 14. Qf2
Qe7 15. Nd5 Nxd5 16. exd5 Nb4 17. Rhe1 Nxa2+ 18. Kb1 Qb4 19. Kxa2 e4 20. Qd4
Qa5+ 21. Kb1 exf3 22. gxf3 Rxf3 23. Rg1 Rf7 24. Rd3 Qb6 25. Qxb6 cxb6 26. d6
Rd8 27. Rgd1 Rdd7 28. R1d2 Kf8 29. Ka2 Rf6 30. b4 b5 31. Kb3 b6 32. Rc3 Rdxd6
33. Rxd6 Rxd6 34. Rc8+ Ke7 35. Rc3 a5 36. bxa5 bxa5 37. Rc5 Rb6 38. Rc7+ Kf6
39. c4 bxc4+ 40. Kxc4 Rb4+ 41. Kc3 Rh4 42. Rc6+ Kg5 43. Rc5+ Kg4 44. Rc4+ Kh3
45. Rxh4+ Kxh4 46. Kb3 Kh3 47. Ka4 Kxh2 48. Kxa5 g5 49. Kb4 g4 50. Kc3 g3 51.
Kd4 g2 52. Ke5 g1=Q 53. Kf6 Qe3 54. Kg7 Kg3 55. Kh8 Kg4 56. Kg8 Qe7 57. Kh8 Kg5
58. Kg8 Kg6 59. Kh8 Qf8# 0-1

[Event "Emerald City Open"]
[Site "Chess.com"]
[Date "2020.06.21"]
[Round "?"]
[White "Susa, Avik"]
[Black "Ruff, Lois"]
[Result "0-1"]
[WhiteElo "452"]
[BlackElo "1027"]
[PlyCount "120"]
[EventDate "2020.??.??"]

1. e4 c5 2. Nf3 e6 3. d4 cxd4 4. Nxd4 Nc6 5. Nf3 a6 6. Nc3 Qc7 7. Be3 Nf6 8.
Bd3 b5 9. Qd2 Bd6 10. O-O-O Bb7 11. g3 Ne5 12. Nxe5 Bxe5 13. Bf4 O-O 14. Bxe5
Qxe5 15. f4 Qc7 16. Rhe1 b4 17. Na4 b3 18. axb3 Rfc8 19. Re2 Bc6 20. e5 Nd5 21.
g4 Bxa4 22. bxa4 Rab8 23. Re4 Qb6 24. b3 Qxb3 25. Qe2 Qa3+ 26. Kd2 Qc3+ 27. Kc1
Qa3+ 28. Kd2 Nc3 29. Qe1 Nxe4+ 30. Qxe4 g6 31. Bxa6 Qc3+ 32. Kc1 Rc7 33. Rd3
Qa1+ 34. Kd2 Qa2 35. Rc3 Rxc3 36. Kxc3 Qa3+ 37. Kd2 Qc5 38. Bd3 Qf2+ 39. Kc3
Rc8+ 40. Kb2 Qb6+ 41. Kc1 Rb8 42. c3 Qb2+ 43. Kd1 Qxc3 44. Qc4 Rb1+ 45. Ke2
Qe1+ 46. Kf3 Qh1+ 47. Ke3 Re1+ 48. Be2 Qxh2 49. Qd3 Qg1+ 50. Kd2 Qf2 51. a5 Ra1
52. a6 Ra2+ 53. Kc3 Ra3+ 54. Kd2 Rxd3+ 55. Kxd3 Qa7 56. Kd2 Kg7 57. Kc3 Qc5+
58. Kb3 h5 59. gxh5 Qe3+ 60. Kc2 Qxe2+ 0-1